[Event "Moscow Blondes-Brunettes m 12th"]
[Site "Moscow"]
[Date "2023.04.02"]
[Round "9.1"]
[White "Charochkina, Daria"]
[Black "Bezgodova, Svetlana"]
[Result "1-0"]
[WhiteElo "2340"]
[BlackElo "2028"]
[PlyCount "63"]
[EventDate "2023.04.02"]
[EventType "schev (blitz)"]
[EventRounds "9"]
[EventCountry "RUS"]
[SourceTitle "CBM 213 Extra"]
[Source "ChessBase"]
[SourceDate "2023.05.31"]
[SourceVersion "1"]
[SourceVersionDate "2023.05.31"]
[SourceQuality "1"]
[WhiteTeam "Brunettes"]
[BlackTeam "Blondes"]
[WhiteTeamCountry "RUS"]
[BlackTeamCountry "RUS"]

1. d4 Nf6 2. c4 d6 3. Nf3 Nbd7 4. g3 c6 5. Bg2 e5 6. 0-0 Be7 7. b3 e4 8. Nfd2 d5 9. Nc3 0-0 10. f3 exf3 11. Nxf3 Nb6 12. c5 Nbd7 13. Bf4 Re8 14. Qd3 Nf8 15. Ne5 Be6 16. Rad1 Rc8 17. e4 dxe4 18. Nxe4 Nd5 19. Bc1 f6 20. Nc4 Nb4 21. Qd2 Bxc4 22. bxc4 Na6 23. Qb2 Qd7 24. Bf4 Ne6 25. Bd6 f5 26. Bxe7 fxe4 27. Bd6 e3 28. Bh3 b6 29. d5 cxd5 30. cxd5 bxc5 31. dxe6 Qc6 32. Rf7 1-0

[Event "RUS-chT (Women)"]
[Site "Sochi"]
[Date "2019.05.10"]
[Round "9.4"]
[White "Bulatova, Kamaliya"]
[Black "Bezgodova, Svetlana"]
[Result "1-0"]
[WhiteElo "2103"]
[BlackElo "2054"]
[PlyCount "57"]
[EventDate "2019.05.01"]
[EventType "team-swiss"]
[EventRounds "9"]
[EventCountry "RUS"]
[SourceTitle "CBM 190 Extra"]
[Source "ChessBase"]
[SourceDate "2019.07.15"]
[SourceVersion "1"]
[SourceVersionDate "2019.07.15"]
[SourceQuality "1"]
[WhiteTeam "Tatarstan Ladya (W)"]
[BlackTeam "Moscow Ekspromt (W)"]
[WhiteTeamCountry "RUS"]
[BlackTeamCountry "RUS"]

1. d4 Nf6 2. Bf4 d6 3. Nc3 Nbd7 4. Nf3 g6 5. e4 Bg7 6. Qd2 0-0 7. 0-0-0 a6 8. Bh6 b5 9. Bxg7 Kxg7 10. e5 Ng8 11. h4 Bb7 12. Qf4 f6 13. e6 Nb6 14. h5 Nd5 15. Nxd5 Bxd5 16. hxg6 h6 17. Re1 Bxf3 18. gxf3 c6 19. Qd2 f5 20. Bd3 Qb6 21. Qf4 Rf6 22. Rh5 Qa5 23. Reh1 Rxe6 24. c3 Qxa2 25. Rxh6 Rf6 26. Rh8 Kf8 27. c4 bxc4 28. Rxg8+ Kxg8 29. Rh8+ 1-0

[Event "Wch Blitz (Women)"]
[Site "St Petersburg"]
[Date "2018.12.30"]
[Round "15"]
[White "Bezgodova, Svetlana"]
[Black "Batsiashvili, Nino"]
[Result "0-1"]
[WhiteElo "2046"]
[BlackElo "2459"]
[PlyCount "92"]
[EventDate "2018.12.29"]
[EventType "swiss (blitz)"]
[EventRounds "17"]
[EventCountry "RUS"]
[SourceTitle "CBM 187 Extra"]
[Source "ChessBase"]
[SourceDate "2018.11.04"]
[SourceVersion "1"]
[SourceVersionDate "2018.11.04"]
[SourceQuality "1"]

1. Nf3 Nf6 2. g3 d5 3. Bg2 c5 4. 0-0 h6 5. d4 cxd4 6. Nxd4 e5 7. Nb3 Nc6 8. Nc3 Be6 9. e4 d4 10. Ne2 a5 11. Bd2 a4 12. Nbc1 Be7 13. Nd3 0-0 14. b3 Qc7 15. h3 Rfc8 16. c4 dxc3 17. Bxc3 Rd8 18. Qb1 Nd4 19. Nxd4 exd4 20. Bd2 axb3 21. axb3 Rxa1 22. Qxa1 Bxb3 23. Rc1 Qb8 24. e5 Nd5 25. Qb2 Ba4 26. Bxd5 Rxd5 27. Qa2 Bc6 28. f4 Qe8 29. Bb4 Rd8 30. Bxe7 Qxe7 31. Qc4 Qd7 32. Kh2 Bb5 33. Qb3 Bxd3 34. Qxd3 Qd5 35. Rb1 Ra8 36. Rb2 Ra2 37. Rxa2 Qxa2+ 38. Kg1 Qd5 39. Kf2 b5 40. g4 b4 41. Qa6 d3 42. Ke1 d2+ 43. Kd1 b3 44. Qc8+ Kh7 45. Qf5+ g6 46. Qb1 Qh1+ 0-1

[Event "Wch Blitz (Women)"]
[Site "St Petersburg"]
[Date "2018.12.29"]
[Round "1"]
[White "Bezgodova, Svetlana"]
[Black "Gunina, Valentina"]
[Result "1/2-1/2"]
[WhiteElo "2046"]
[BlackElo "2496"]
[PlyCount "127"]
[EventDate "2018.12.29"]
[EventType "swiss (blitz)"]
[EventRounds "17"]
[EventCountry "RUS"]
[SourceTitle "CBM 187 Extra"]
[Source "ChessBase"]
[SourceDate "2018.11.04"]
[SourceVersion "1"]
[SourceVersionDate "2018.11.04"]
[SourceQuality "1"]

1. Nf3 d5 2. g3 c6 3. Bg2 Bg4 4. 0-0 Nd7 5. d3 e5 6. Nbd2 Ngf6 7. b3 Bd6 8. Bb2 0-0 9. e4 Re8 10. Qe1 a5 11. a4 Qc7 12. h3 Bh5 13. Nh4 Bb4 14. Nf5 Rad8 15. c3 Bf8 16. g4 Bg6 17. Qe2 Nc5 18. Ba3 dxe4 19. dxe4 Rxd2 20. Qxd2 Nxb3 21. Qb2 Nxa1 22. Bxf8 Rxf8 23. Rxa1 Rd8 24. Rb1 Rd7 25. f3 Bxf5 26. gxf5 Nh5 27. Bf1 Qd8 28. Qf2 Nf4 29. Rb2 Rd1 30. Kh2 h6 31. Bc4 b5 32. axb5 cxb5 33. Bxb5 Qg5 34. Bf1 Nh5 35. c4 Qf4+ 36. Kg2 Qc1 37. Rc2 Qg5+ 38. Kh2 a4 39. c5 a3 40. c6 Rd8 41. c7 Rc8 42. Ba6 a2 43. Qe1 a1Q 44. Qxa1 Qg3+ 45. Kh1 Qxh3+ 46. Kg1 Qg3+ 47. Rg2 Qxf3 48. Bxc8 Nf4 49. Qf1 Nh3+ 50. Kh2 Qxf1 51. Bd7 Nf4 52. c8Q+ Kh7 53. Qc2 Nxg2 54. Qxg2 Qf4+ 55. Kh3 Qe3+ 56. Kh2 Qf4+ 57. Kg1 Qc1+ 58. Kh2 Qf4+ 59. Kg1 Qe3+ 60. Kh1 Qe1+ 61. Kh2 Qh4+ 62. Kg1 Qe1+ 63. Kh2 Qh4+ 64. Kg1 1/2-1/2

[Event "Wch Rapid (Women)"]
[Site "St Petersburg"]
[Date "2018.12.28"]
[Round "11"]
[White "Gevorgyan, Maria"]
[Black "Bezgodova, Svetlana"]
[Result "0-1"]
[WhiteElo "2228"]
[BlackElo "2046"]
[PlyCount "98"]
[EventDate "2018.12.26"]
[EventType "swiss (rapid)"]
[EventRounds "12"]
[EventCountry "RUS"]
[SourceTitle "CBM 187 Extra"]
[Source "ChessBase"]
[SourceDate "2018.11.04"]
[SourceVersion "1"]
[SourceVersionDate "2018.11.04"]
[SourceQuality "1"]

1. e4 e5 2. Nf3 Nc6 3. Bc4 Bc5 4. c3 Nf6 5. d3 a6 6. Bb3 Ba7 7. 0-0 d6 8. h3 Be6 9. Nbd2 h6 10. Re1 Qd7 11. Nf1 0-0 12. N3h2 d5 13. Qe2 Rad8 14. Bc2 b5 15. Qf3 dxe4 16. dxe4 Qe7 17. g4 Kh8 18. g5 Ng8 19. Ng3 g6 20. gxh6 Qh4 21. Bd3 Bxh3 22. Bf1 Rd6 23. Nf5 Bxf5 24. exf5 gxf5 25. Be3 Bxe3 26. Rxe3 Rxh6 27. Bh3 f4 28. Rd3 Nge7 29. Nf1 Rg8+ 30. Kh2 f5 31. Nd2 e4 32. Nxe4 fxe4 33. Qxe4 Qxf2+ 34. Kh1 Rhg6 35. Qe1 Qxe1+ 36. Rxe1 Rg3 37. Rxg3 Rxg3 38. Bd7 Re3 39. Rxe3 fxe3 40. Kg2 Ne5 41. Be6 N7g6 42. Kf1 Nf4 43. Bf5 Kg7 44. Bc2 Ned3 45. Bxd3 Nxd3 46. Ke2 Nxb2 47. Kxe3 Na4 48. Kd4 c5+ 49. Kd3 c4+ 0-1

[Event "Wch Rapid (Women)"]
[Site "St Petersburg"]
[Date "2018.12.26"]
[Round "1"]
[White "Ambartsumova, Karina"]
[Black "Bezgodova, Svetlana"]
[Result "1-0"]
[WhiteElo "2383"]
[BlackElo "2046"]
[PlyCount "93"]
[EventDate "2018.12.26"]
[EventType "swiss (rapid)"]
[EventRounds "12"]
[EventCountry "RUS"]
[SourceTitle "CBM 187 Extra"]
[Source "ChessBase"]
[SourceDate "2018.11.04"]
[SourceVersion "1"]
[SourceVersionDate "2018.11.04"]
[SourceQuality "1"]

1. c4 Nf6 2. Nc3 d6 3. d4 Nbd7 4. Nf3 c6 5. e4 e5 6. Be2 Be7 7. 0-0 0-0 8. Qc2 Re8 9. Rd1 Bf8 10. b3 a6 11. Ba3 Qa5 12. Bb2 b5 13. a3 Bb7 14. b4 Qd8 15. dxe5 dxe5 16. c5 a5 17. Qb3 Qc7 18. Ng5 Nb8 19. Bxb5 h6 20. Nxf7 cxb5 21. Nd6+ Kh7 22. Ncxb5 Qe7 23. Nxe8 Nxe8 24. f3 Nc6 25. Rac1 Bc8 26. Nd6 Be6 27. Qa4 Nd4 28. Bxd4 exd4 29. Rxd4 Qg5 30. Re1 Bh3 31. Qc2 Nc7 32. Qd2 Qg6 33. e5 axb4 34. axb4 Ne6 35. Rc4 Ng5 36. Kh1 Be6 37. Rc2 Be7 38. c6 Nf7 39. c7 Nxd6 40. exd6 Bxd6 41. Qxd6 Qxc2 42. Qxe6 Qc3 43. Qe4+ Kh8 44. Qxa8+ Kh7 45. Qe4+ Kh8 46. Qe8+ Kh7 47. c8Q 1-0

[Event "Wch Rapid (Women)"]
[Site "St Petersburg"]
[Date "2018.12.26"]
[Round "2"]
[White "Bezgodova, Svetlana"]
[Black "Nechaeva, Marina"]
[Result "0-1"]
[WhiteElo "2046"]
[BlackElo "2408"]
[PlyCount "114"]
[EventDate "2018.12.26"]
[EventType "swiss (rapid)"]
[EventRounds "12"]
[EventCountry "RUS"]
[SourceTitle "CBM 187 Extra"]
[Source "ChessBase"]
[SourceDate "2018.11.04"]
[SourceVersion "1"]
[SourceVersionDate "2018.11.04"]
[SourceQuality "1"]

1. Nf3 d5 2. g3 Bg4 3. Bg2 Nd7 4. c4 e6 5. 0-0 c6 6. d3 Ngf6 7. Be3 Be7 8. Qb3 Qc8 9. Nc3 0-0 10. Rac1 Bxf3 11. Bxf3 Ne5 12. Bg2 Qd7 13. cxd5 exd5 14. Bf4 Bd6 15. e4 Nxd3 16. Nxd5 Nxc1 17. Nxf6+ gxf6 18. Bxc1 Rfd8 19. Qf3 Qe6 20. Qh5 Qe5 21. Qh4 Kf8 22. Qxh7 Ke7 23. Qh4 Rh8 24. Qg4 Rag8 25. Qf3 Qh5 26. Qxh5 Rxh5 27. a3 a5 28. Re1 Rb5 29. Bf1 Rb6 30. Bc4 a4 31. Kg2 Rd8 32. Re2 Bc5 33. e5 Rd1 34. exf6+ Kxf6 35. Rc2 Bd4 36. g4 Rxc1 37. Rxc1 Rxb2 38. h4 Bxf2 39. g5+ Kg7 40. Kh3 Bc5 41. Rf1 Rf2 42. Rd1 Bxa3 43. h5 b5 44. Bd3 Be7 45. h6+ Kf8 46. h7 Kg7 47. Kg3 Rb2 48. Rh1 Kh8 49. g6 fxg6 50. Bxg6 Bf6 51. Re1 Kg7 52. Re6 Bd4 53. Rxc6 a3 54. Be4 a2 55. Rc7+ Kf8 56. Rc8+ Ke7 57. Ra8 Rb3+ 0-1

[Event "Moscow-ch rapid (Women)"]
[Site "Moscow"]
[Date "2018.12.08"]
[Round "1"]
[White "Glibka, Yulia"]
[Black "Bezgodova, Svetlana"]
[Result "1-0"]
[WhiteElo "1979"]
[BlackElo "2046"]
[PlyCount "125"]
[EventDate "2018.12.08"]
[EventType "swiss (rapid)"]
[EventRounds "11"]
[EventCountry "RUS"]
[SourceTitle "CBM 187 Extra"]
[Source "ChessBase"]
[SourceDate "2018.11.04"]
[SourceVersion "1"]
[SourceVersionDate "2018.11.04"]
[SourceQuality "1"]

1. c4 Nf6 2. Nc3 d6 3. d4 Nbd7 4. Nf3 c6 5. e4 e5 6. Be2 Be7 7. 0-0 0-0 8. b3 a6 9. Bb2 b5 10. dxe5 dxe5 11. Qc2 b4 12. Na4 Qc7 13. c5 Re8 14. Rac1 g6 15. Bc4 Nh5 16. Qd2 a5 17. Ng5 Rf8 18. Qe3 Ba6 19. Bxa6 Rxa6 20. g3 Ng7 21. Rfd1 f6 22. Qd3 fxg5 23. Qxa6 g4 24. Qe2 h5 25. Rc2 Kh7 26. Bc1 Ne6 27. Be3 Rf3 28. h3 Bg5 29. hxg4 hxg4 30. Kg2 Nf6 31. Rh1+ Kg7 32. Bxg5 Nxg5 33. Re1 Ngxe4 34. Qc4 Ng5 35. Nb2 e4 36. Qd4 Kg8 37. Nc4 Nd5 38. Ne3 Nf6 39. Qd6 Qc8 40. Rd2 Nf7 41. Qd4 Qe6 42. Rh1 Nh5 43. Rh4 Ne5 44. Qd8+ Kg7 45. Rd6 Qf7 46. Rd2 Rxe3 47. Qd4 Rxg3+ 48. fxg3 Qf3+ 49. Kg1 Qxg3+ 50. Kf1 Nf6 51. Qf2 Qc3 52. Rd6 Nf3 53. Rh1 e3 54. Qe2 Qxc5 55. Rd3 Nd5 56. Qb2+ Nc3 57. Kg2 Ne5 58. Rd8 e2 59. Qd2 Nf7 60. Rd7 Kg8 61. Qf4 Qf5 62. Qb8+ Kg7 63. Qh8# 1-0

[Event "Sochi ChessAmateur op"]
[Site "Sochi"]
[Date "2018.04.01"]
[Round "1"]
[White "Rogoznikov, Andrey"]
[Black "Bezgodova, Svetlana"]
[Result "1-0"]
[WhiteElo "2293"]
[BlackElo "2045"]
[PlyCount "71"]
[EventDate "2018.04.01"]
[EventType "swiss"]
[EventRounds "9"]
[EventCountry "RUS"]
[SourceTitle "CBM 184 Extra"]
[Source "ChessBase"]
[SourceDate "2018.06.28"]
[SourceVersion "1"]
[SourceVersionDate "2018.06.28"]
[SourceQuality "1"]

1. Nf3 Nf6 2. d4 c6 3. c4 d6 4. g3 Nbd7 5. Nc3 e5 6. Qc2 Be7 7. Bg2 0-0 8. 0-0 Re8 9. Rd1 Bf8 10. b3 e4 11. Ng5 d5 12. cxd5 cxd5 13. Nb5 h6 14. Nc7 hxg5 15. Nxa8 Bd6 16. Bxg5 Nb8 17. Bxf6 gxf6 18. b4 Be6 19. Rac1 Re7 20. b5 b6 21. Qc3 Qd7 22. f3 exf3 23. Qxf3 Qb7 24. e4 dxe4 25. Qxf6 Qd5 26. Nc7 Bxc7 27. Qxe7 Bd6 28. Qh4 f5 29. Qg5+ Kh7 30. a4 Bf8 31. g4 Bh6 32. Qe7+ Bg7 33. gxf5 Bxf5 34. Rc7 Nd7 35. Bxe4 Kh6 36. Bxd5 1-0

[Event "Moscow op-B (Women) 14th"]
[Site "Moscow"]
[Date "2018.02.01"]
[Round "6"]
[White "Bezgodova, Svetlana"]
[Black "Balaian, Alina"]
[Result "0-1"]
[WhiteElo "2060"]
[BlackElo "2224"]
[PlyCount "82"]
[EventDate "2018.01.27"]
[EventType "swiss"]
[EventRounds "9"]
[EventCountry "RUS"]
[SourceTitle "CBM 182 Extra"]
[Source "ChessBase"]
[SourceDate "2018.02.23"]
[SourceVersion "1"]
[SourceVersionDate "2018.02.23"]
[SourceQuality "1"]

1. Nf3 d5 2. g3 g6 3. c4 dxc4 4. Na3 Bg7 5. Bg2 Nc6 6. 0-0 e5 7. Nxc4 Nge7 8. d3 0-0 9. Bd2 Nf5 10. Rc1 h6 11. b4 Nd6 12. Nxd6 cxd6 13. b5 Ne7 14. Qc2 a6 15. a4 axb5 16. axb5 Bd7 17. Bb4 Bxb5 18. Nd2 Bc6 19. Nc4 Bxg2 20. Kxg2 Ra6 21. Ne3 Nc6 22. Nd5 Kh7 23. Qc4 Nd4 24. e3 Rc6 25. Qa2 Ne6 26. h4 f5 27. Qa4 Qe8 28. Qa3 Qd7 29. Rc4 Rxc4 30. dxc4 Qc6 31. h5 gxh5 32. Qd3 Kh8 33. Rh1 f4 34. Rxh5 fxg3 35. fxg3 Qe8 36. Qe2 Qg6 37. Bxd6 Qe4+ 38. Kh2 Nd4 39. Qg2 Nf3+ 40. Kh3 Qg6 41. g4 Qxd6 0-1

[Event "RUS-ch blitz (Women)"]
[Site "Sochi"]
[Date "2017.10.02"]
[Round "13"]
[White "Bezgodova, Svetlana"]
[Black "Kharmunova, Nadezhda"]
[Result "1-0"]
[WhiteElo "2060"]
[BlackElo "2199"]
[PlyCount "34"]
[EventDate "2017.10.02"]
[EventType "swiss (blitz)"]
[EventRounds "20"]
[EventCountry "RUS"]
[SourceTitle "EXT 2018"]
[Source "ChessBase"]
[SourceDate "2017.10.13"]
[SourceVersion "1"]
[SourceVersionDate "2017.10.13"]
[SourceQuality "1"]

1. Nf3 f5 2. g3 Nf6 3. Bg2 g6 4. 0-0 Bg7 5. d4 0-0 6. c4 d6 7. Nc3 c6 8. d5 e5 9. dxe6 Bxe6 10. b3 Ne4 11. Nxe4 Bxa1 12. Qxd6 Qd7 13. Qxd7 Nxd7 14. Neg5 Rfe8 15. Nxe6 Rxe6 16. Rd1 Nf8 17. e3 Bf6 1-0

[Event "RUS-ch blitz (Women)"]
[Site "Sochi"]
[Date "2017.10.02"]
[Round "20"]
[White "Bezgodova, Svetlana"]
[Black "Strukova, Ksenia"]
[Result "1-0"]
[WhiteElo "2060"]
[BlackElo "2052"]
[PlyCount "117"]
[EventDate "2017.10.02"]
[EventType "swiss (blitz)"]
[EventRounds "20"]
[EventCountry "RUS"]
[SourceTitle "EXT 2018"]
[Source "ChessBase"]
[SourceDate "2017.10.13"]
[SourceVersion "1"]
[SourceVersionDate "2017.10.13"]
[SourceQuality "1"]

1. Nf3 Nf6 2. g3 g6 3. b3 Bg7 4. Bb2 0-0 5. Bg2 c5 6. c4 d6 7. d4 Nbd7 8. 0-0 Rb8 9. Nc3 b6 10. e4 cxd4 11. Nxd4 Bb7 12. Qd2 Nc5 13. Rfe1 a6 14. Rad1 Qc7 15. h3 Rfe8 16. Kh2 Rbd8 17. Nd5 Nxd5 18. cxd5 e5 19. dxe6 Nxe6 20. Rc1 Qd7 21. Ne2 Bxb2 22. Qxb2 Nc5 23. Red1 Bxe4 24. Nf4 Bxg2 25. Kxg2 Qb7+ 26. Kh2 a5 27. Nd5 Ne4 28. Qd4 Re6 29. Re1 Nc5 30. Nf6+ Rxf6 31. Qxf6 Rf8 32. Qxd6 Qf3 33. Rc2 Ne4 34. Qf4 Qxf4 35. gxf4 Nc5 36. Kg3 Nd3 37. Re3 Nb4 38. Rd2 h5 39. f5 Kg7 40. a3 Na6 41. Rd6 Rb8 42. f6+ Kh6 43. Re7 Nc5 44. b4 axb4 45. axb4 Na6 46. b5 Nc5 47. Rxf7 Ne4+ 48. Kf4 Nxd6 49. Rd7 Nxb5 50. Ke5 Rf8 51. Ke6 Nc3 52. Ke7 Rh8 53. f7 Ne4 54. f8Q+ Rxf8 55. Kxf8 b5 56. f4 Nf2 57. h4 Nh3 58. Kg8 g5 59. Rd6# 1-0

[Event "RUS-ch blitz (Women)"]
[Site "Sochi"]
[Date "2017.10.02"]
[Round "15"]
[White "Charochkina, Daria"]
[Black "Bezgodova, Svetlana"]
[Result "1-0"]
[WhiteElo "2321"]
[BlackElo "2060"]
[PlyCount "79"]
[EventDate "2017.10.02"]
[EventType "swiss (blitz)"]
[EventRounds "20"]
[EventCountry "RUS"]
[SourceTitle "EXT 2018"]
[Source "ChessBase"]
[SourceDate "2017.10.13"]
[SourceVersion "1"]
[SourceVersionDate "2017.10.13"]
[SourceQuality "1"]

1. d4 Nf6 2. Bf4 d6 3. Nc3 Nbd7 4. Nf3 g6 5. e4 Bg7 6. Qd2 0-0 7. 0-0-0 c5 8. Be3 cxd4 9. Bxd4 a6 10. h4 h5 11. Ng5 b5 12. f3 Bb7 13. g4 Rc8 14. gxh5 Nxh5 15. Bxg7 Kxg7 16. Be2 b4 17. Qd4+ Ne5 18. Qxb4 Rb8 19. Qd4 Nf4 20. h5 Rh8 21. h6+ Kf8 22. Bc4 e6 23. Bb3 Ke7 24. Nh3 Nxf3 25. Qe3 Nxh3 26. Qxf3 Ng5 27. Qf4 Kf8 28. Rxd6 Qe7 29. Rxe6 Nxe6 30. Qxb8+ Nd8 31. Rd1 Rxh6 32. Rxd8+ Kg7 33. Rg8+ Kh7 34. Rh8+ Kg7 35. Qg8+ Kf6 36. Rxh6 Qd6 37. Rh1 Qf4+ 38. Kb1 Bxe4 39. Qd8+ Kg7 40. Qd4+ 1-0